Politiques d'aménagement hydro-agricole / (Record no. 13948)

000 -LEADER
fixed length control field 00477nam a2200169 a 4500
020 ## - INTERNATIONAL STANDARD BOOK NUMBER
ISBN 2853190838
040 ## - CATALOGING SOURCE
Transcribing agency DLC
082 ## - DEWEY DECIMAL CLASSIFICATION NUMBER
Classification number 338 PRE 1980 A012 Or.
100 1# - MAIN ENTRY--AUTHOR NAME
Personal name Funel, Jean Marie.
245 10 - TITLE STATEMENT
Title Politiques d'aménagement hydro-agricole /
260 ## - PUBLICATION, DISTRIBUTION, ETC. (IMPRINT)
Place of publication Paris :
Name of publisher Presses universitaires de France,
Year of publication c1980.
300 ## - PHYSICAL DESCRIPTION
Number of Pages 212 p. :
Other physical details ill. ;
Dimensions 21 cm.
650 #0 - SUBJECT ADDED ENTRY--TOPICAL TERM
Topical Term Water resources development
650 #0 - SUBJECT ADDED ENTRY--TOPICAL TERM
Topical Term Water resources development
700 1# - ADDED ENTRY--PERSONAL NAME
Personal name Laucoin, G.
942 ## - ADDED ENTRY ELEMENTS (KOHA)
Koha item type សៀវភៅភាសាបារាំង
952 ## - LOCATION AND ITEM INFORMATION (KOHA)
Withdrawn status [LOCAL, KOHA] 0
Holdings
Permanent Location Date acquired Koha item type Lost status Shelving location Barcode Current Location Full call number
Library Block A2017-10-03សៀវភៅភាសាបារាំង A012A22440Library Block A338 PRE 1980 A012 Or.
មជ្ឈមណ្ឌលឯការនៃសាកលវិទ្យាល័យភូមិន្ទកសិកម្មចំការដូង

Powered by Koha